000 00464nam a22001337a 4500
999 _c6192
_d6192
008 150922b xxu||||| |||| 00| 0 eng d
020 _a0706405188
050 _aREF QE 363.2 .K68 1977
100 _aLucas, randolph
245 _aThe illustrated Encyclopedia of Minerals & Rocks/
_cRandolph, Lucas
260 _aCzechoslovakia:
_bOctopus Books Limited,
_c1977.
300 _a350p: ill.
_c23 cm
500 _ainclude index
942 _2lcc
_cREF_BOOK
_hREF QE 363.2 .K68 1977